Progress in pattern recognition, image analysis, computer vision, and applications

I tiakina i:
Ngā taipitopito rārangi puna kōrero
Ngā kaituhi matua: San Martín, César (Author), Kim, Sang-Woon (Author)
Hōputu: Pukapuka
Reo:Ingarihi
I whakaputaina: Berlín Springer 2011
Rangatū:Lectures Notes in Computer Science, 7042
Ngā marau:
Ngā Tūtohu: Tāpirihia he Tūtohu
Kāore He Tūtohu, Me noho koe te mea tuatahi ki te tūtohu i tēnei pūkete!

MARC

LEADER 00000cam a2200000 a 4500
001 UCG8308
003 CL-VaPUC
005 20220105074330.0
008 111202e20110000gw 1 eng d
020 |a 9783642250842 
082 0 4 |a 005.36  |b SAN  |2 21 
100 1 |a San Martín, César  |e author  |9 621790 
700 1 |a Kim, Sang-Woon  |e author  |9 621791 
245 1 0 |a Progress in pattern recognition, image analysis, computer vision, and applications 
260 |a Berlín  |b Springer  |c 2011 
300 |a 717 p 
490 0 |a Lectures Notes in Computer Science, 7042 
583 |a last modification  |c 20111206 08:39:56  |k Rodrigo Vera 
650 0 0 |a Computadores  |9 258188 
650 0 0 |a Procesamiento de imagen   |9 621792 
650 0 7 |a PROCESOS COMPUTACIONALES  |2 CL-VaPUC  |9 307074 
650 0 7 |a INTELIGENCIA ARTIFICIAL  |2 CL-VaPUC  |9 621793 
650 0 0 |a Software  |9 387312 
942 |c BK 
945 |a dcastane  |d 20111202 00:00:00 
546 |a En Inglés 
536 |a CIARP 
518 |p Iberoamerican Congress CIARP, 16, Pucón, 15-18 de noviembre de 2011 
999 |c 384630  |d 384628 
952 |0 0  |1 0  |4 0  |6 005_360000000000000_SAN_2011  |7 0  |8 A  |9 507477  |a BIBING  |b BIBING  |d 2020-01-23  |i 4808533  |o 005.36 SAN 2011  |p 4808533  |r 2025-01-20  |w 2020-01-23  |y BK  |k EIE